| 000 | 00578nam a2200181Ia 4500 | ||
|---|---|---|---|
| 008 | 100917s9999 xx 000 0 und d | ||
| 082 | _b11003 | ||
| 100 | _aबाबर शांता | ||
| 245 | _aभूक लाडू तहान लाडू | ||
| 260 |
_bसुविचार प्रकाशन _c1968 |
||
| 300 | _a63 | ||
| 365 | _b2 | ||
| 520 | _aबालविभाग | ||
| 630 | _aभूक लाडू तहान लाडू | ||
| 650 | _aबालविभाग | ||
| 730 | _aभूक लाडू तहान लाडू | ||
| 942 | _cBOOK | ||
| 999 |
_c616397 _d616394 |
||